000 00643cam a22002293a 4500
001 7486
003 PGUSA
005 20140828083145.0
008 050201s2005||||xxu|||||s|||||000 1 eng d
040 _aPGUSA
_beng
042 _adc
050 4 _aPS
100 1 _aBacheller, Irving,
_d1859-1950
245 1 4 _aThe Master of Silence :
_bA Romance
_h[electronic resource] /
_cIrving Bacheller
260 _bProject Gutenberg,
_c2005
506 _aPublic domain in the USA.
516 _aElectronic text
653 _aTelepathy -- Fiction
830 0 _aProject Gutenberg
_v7486
856 4 0 _uhttp://www.gutenberg.org/ebooks/7486
942 _cEB
999 _c236806
_d236806